| 000 | 00399nam a22001337a 4500 | ||
|---|---|---|---|
| 020 | _a9780198562917 | ||
| 082 | _a670.4272 ARI | ||
| 100 | _aArimoto, Suguru. | ||
| 245 | _aControl theory of non-linear mechanical systems : a passivity-based and circuit-theoretic approach | ||
| 260 |
_aNew York _bOxford Press _c1996 |
||
| 300 |
_avi,280p. : _e25 cm |
||
| 700 | _aNonlinear control theory | ||
| 942 | _cBK | ||
| 999 |
_c12190 _d12190 |
||